000 00985nam a2200241Ii 4500
003 JO-AjNU
008 230605s9999||||xx |||||||||||||| ||und||
017 _a2011/XXX
020 _a978-99906-36-97-0
040 _aJO-AjNU
_bara
_erda
_cJO-AjNU
041 _aara
050 1 4 _aBP170.25.2011
100 3 _aالعيوني، عبد الكريم ,
_eauthor
_950889
245 0 0 _aإسهام الوقف في تمويل المؤسسات التعليمية والثقافية بالمغرب خلال القرن العشرين
250 _aط1
264 3 1 _aالكويت: الأمانة العامة للأوقاف، 2011
300 _a274ص
336 _atext
_btxt
_2rdacontent
337 _aunmediated
_bn
_2rdamedia
338 _avolume
_bnc
_2rdacarrier
490 0 _aسلسلة رسائل جامعية (11) ماجستير
650 4 _aالوقف -- المغرب -- قرن 20 -- التعليم -- المغرب -- قرن 20 -- الثقافة -- المغرب -- قرن 20
_950890
999 _aA22445
_c26013
_d26013